Ideiglenes elnökséget választottak A városi pártbizottság ülése

Elmentve itt :
Bibliográfiai részletek
Dokumentumtípus: Cikk
Megjelent: 1989-06-30
Sorozat:Délmagyarország 79 No. 152
Kulcsszavak:MSZMP
Online Access:http://dmarchiv.bibl.u-szeged.hu/113336
LEADER 00439nab a2200145 i 4500
001 delm113336
005 20190920141940.0
008 190920s1989 hu o 0|| hun d
040 |a SZTE Délmagyarország Archívum  |b hun 
041 |a hun 
245 0 0 |a Ideiglenes elnökséget választottak   |h [elektronikus dokumentum] :  |b A városi pártbizottság ülése 
260 |c 1989-06-30 
300 |a 1-2 
490 0 |a Délmagyarország  |v 79 No. 152 
695 |a MSZMP